Dare al mondo Gesù Cristo Via e Verità e Vita (Record n. 357979)

Dettagli MARC
000 -LEADER
campo di controllo lung. fissa 00785nam a22001817a 4500
003 - Identificatore del numero di controllo
campo di controllo IT-MiSPE
005 - Data e orario dell'ultima transazione
campo di controllo 20180818173227.0
008 - Elementi di lunghezza fissa--Informazione generale
campo di controllo lung. fissa 180818b ||||| |||| 00| 0 eng d
040 ## - Fonte della catalogazione
Agenzia catalografica originale IT-MiSPE
Lingua della catalogazione ita
Agenzia che fa la trascrizione IT-MiSPE
041 ## - Codice di lingua
Codice della lingua originale e/o delle traduzioni intermedie del testo ita
082 ## - Numero di classificazione Decimale Dewey
Numero di classificazione 271.778-COM in da (23189)
100 ## - Accesso principale -- nome di persona
Nome di persona Commissione intercongregazionale di studio sull'identità carismatica e ministeriale di Famiglia Paolina
9 (RLIN) 57354
245 ## - Formulazione del titolo
Titolo Dare al mondo Gesù Cristo Via e Verità e Vita
Complemento del titolo Progetto unitario di Famiglia Paolina
Formulazione di responsabilità, ecc. Guido Gandolfo ; Christina Schreil ; Micaela Monetti ; Emanuela Ciccomartino ; Franca Laratore
260 ## - Pubblicazione, distribuzione, ecc. (stampa)
Luogo di pubblicazione, distribuzione, ecc. Roma :
Nome dell'editore, distributore, ecc. uso manoscritto,
Data di pubblicazione, distribuzione, ecc. 2001
300 ## - Descrizione fisica
Estensione 232 p ;
Dimensioni 21,5 cm
Materiale allegato Invito alla lettura (allegato)
655 ## - Termine d’indicizzazione--genere/forma
Termine principale di genere/forma Spiritualità della Famiglia Paolina
9 (RLIN) 57355
942 ## - Dati aggiuntivi (Koha)
Fonte della classificazione o dello schema di collocazione (segnatura) Dewey Decimal Classification
Tipo copia default (Koha) LIBRO
Dati di copia
Ritirato (status) Perso (status) Fonte della classificazione o dello schema di collocazione (segnatura) Danneggiato (status) Non per il presito Biblioteca proprietaria Biblioteca in cui si trova Data d'acquisizione Totale prestiti Collocazione Data ultima operazione Prezzo in vigore dal Tipo copia default (Koha)
    Dewey Decimal Classification Buone Condizioni Not For Loan CINISELLO CINISELLO 18/08/2018   271.778-COM in da (23189) 18/08/2018 18/08/2018 LIBRO
CREDITS: SOCIETA' SAN PAOLO Via A.Severo, 58 - ROMA (RM) & PERIODICI SAN PAOLO SRL Via Giotto, 36 MILANO & CISF Via Giotto, 36 MILANO & EDIZIONI SAN PAOLO SRL,  Piazza Soncino, 5 CINISELLO BALSAMO (MI) -- ITALY